Weltstädte Quiz - Statistiken

Allgemein
  • Dieses Quiz wurde 33.667 mal gespielt
  • Das Durchschnittsergebnis liegt bei 45 aus 91
Antwortstatistiken
Level Stadt % Korrekt
Beta Berlin
98%
Alpha++ New York
96%
Alpha+ Paris
92%
Alpha++ London
91%
Alpha Moskau
90%
Alpha Madrid
87%
Beta+ Rom
87%
Alpha+ Tokio
87%
Alpha Los Angeles
84%
Alpha+ Peking
83%
Beta+ München
82%
Beta+ Hamburg
78%
Alpha Sydney
78%
Alpha- Wien
77%
Beta+ Oslo
76%
Alpha Amsterdam
75%
Alpha- Barcelona
75%
Alpha- Stockholm
75%
Alpha- Washington D.C.
75%
Alpha Brüssel
72%
Alpha Mexiko-Stadt
72%
Alpha Warschau
71%
Alpha- Lissabon
70%
Beta+ Kairo
68%
Alpha Istanbul
67%
Alpha- Neu-Delhi
67%
Beta+ Athen
65%
Alpha Frankfurt
65%
Beta+ Kopenhagen
64%
Alpha+ Shanghai
63%
Alpha Mailand
61%
Beta+ Prag
61%
Alpha- Dublin
60%
Alpha- Zürich
59%
Alpha- Buenos Aires
57%
Alpha- San Francisco
57%
Alpha+ Dubai
56%
Alpha+ Hongkong
56%
Beta+ Kapstadt
56%
Alpha Seoul
56%
Alpha Chicago
55%
Beta+ Budapest
54%
Beta+ Kiew
54%
Alpha+ Singapur
54%
Alpha- Miami
52%
Alpha Toronto
52%
Alpha Mumbai
50%
Alpha Johannesburg
49%
Alpha- Bangkok
48%
Alpha São Paulo
48%
Alpha- Melbourne
47%
Beta+ Bukarest
46%
Alpha Jakarta
46%
Beta+ Boston
39%
Beta+ Lima
39%
Beta+ Dallas
38%
Beta Vancouver
38%
Beta Abu Dhabi
37%
Alpha- Riad
37%
Alpha- Bogotá
36%
Beta+ Houston
36%
Beta+ Düsseldorf
34%
Alpha- Santiago
34%
Beta Sofia
34%
Alpha- Manila
33%
Alpha Kuala Lumpur
32%
Beta Hanoi
30%
Beta+ Atlanta
28%
Beta Genf
28%
Beta+ Lagos
28%
Alpha- Luxemburg
27%
Beta Montreal
26%
Alpha- Taipeh
25%
Alpha- Tel Aviv
25%
Beta+ Auckland
24%
Beta+ Caracas
24%
Beta Doha
24%
Beta Perth
24%
Beta Philadelphia
24%
Beta Bratislava
21%
Alpha- Guangzhou
20%
Beta Montevideo
20%
Beta Brisbane
17%
Beta Casablanca
17%
Beta+ Ho-Chi-Minh-Stadt
16%
Beta Shenzhen
15%
Beta Beirut
14%
Beta+ Bangalore
11%
Beta Karatschi
11%
Beta Nikosia
8%
Beta Manama
7%
Keine übereinstimmenden Quizze gefunden
Verteilung der Resultate
Anzahl Personen mit jedem Resultat
Perzentil nach korrekt beantworteten Fragen
Ihre Resultats-Entwicklung
Sie haben dieses Quiz noch nicht gespielt